Statistics for Flag guessing quiz 1 remake

Click here to take the quiz!

General Stats

  • This quiz has been taken 7 times
  • The average score is 15 of 23

Answer Stats

Answer% Correct
Canada
100%
Mexico
100%
USA
100%
Cuba
86%
Jamaica
86%
Panama
86%
Antigua
71%
Bahamas
71%
Costa Rica
71%
Dominica
71%
Barbados
57%
Belize
57%
Dominican Republic
57%
El Salvador
57%
Grenada
57%
Guatemala
57%
Honduras
57%
Nicaragua
57%
Trinidad and Tobago
57%
Aruba
43%
Bermuda
43%
Curaçao
43%
Suriname
43%

Score Distribution

Percentile by Number Answered

Percent of People with Each Score

Your Score History

You have not taken this quiz